LEADER 01686nam 2200385Ia 450 001 996390383203316 005 20221107214718.0 035 $a(CKB)1000000000650980 035 $a(EEBO)2240914666 035 $a(OCoLC)9920460900971 035 $a(EXLCZ)991000000000650980 100 $a19950918d1565 uy | 101 0 $aeng 135 $aurbn||||a|bb| 200 10$aBy the Queene$b[electronic resource] $ethe Queenes Maiestie geueth all maner her subiectes to vnerstande, that where of late it hath ben agreed at Brugis in Flaunders, in a treatie for matters of entercourse of marchaundize .. 210 $aImprinted at London in Powles Churchyarde $cBy Rycharde Iugge and Iohn Cawood, printers to the Queenes Maiestie$dAnno M.D.L.VI [1565] 215 $a1 sheet ([1] p.) 300 $aOther title information from first 3 lines of text. 300 $aContains woodcut initial with illustration of Neptune and two sea horses. 300 $aFirst line of text ends "that". 300 $a"Yeuen at her Maiesties Pallaice of Westminster, the xvi. day of October 1565. In the seuenth yere of her Maiesties raigne." 300 $a"Cum priuilegio RegiƦ Maiestatis." 300 $aReproduction of original in: Society of Antiquaries. 330 $aeebo-0147 607 $aGreat Britain$vCommercial treaties$zSpain 607 $aGreat Britain$xHistory$yElizabeth, 1558-1603 608 $aBroadsides$zLondon (England)$y16th century.$2rbgenr 701 $aElizabeth$cQueen of England,$f1533-1603.$0996842 801 0$bEBK 801 1$bEBK 801 2$bWaOLN 906 $aBOOK 912 $a996390383203316 996 $aBy the Queene$92299089 997 $aUNISA